000 00568nam a22002177a 4500
003 UA-OsUOA
001 60297
007 ta
008 20090514b un ||||| |||| 00| 0 ukr d
100 _aВолошин М.
090 _a330(477)
_bВ68
942 _cSA
040 _aUA-OsUOA
_bukr
_cUA-OsUOA
_dUA-OsUOA
245 _aРозрахунок ліміту залишку готівки в касі банку
300 _aС.39-48
955 _a0
041 _aukr
080 _a330(477)
773 0 _w60292
650 7 _a330 Економіка взагалі
_2UDC
999 _c346137
_d346137